| 000 -LEADER |
| fixed length control field |
01630cam a22004457i 4500 |
| 001 - CONTROL NUMBER |
| control field |
18145532 |
| 003 - CONTROL NUMBER IDENTIFIER |
| control field |
OSt |
| 005 - DATE AND TIME OF LATEST TRANSACTION |
| control field |
20240729124159.0 |
| 008 - FIXED-LENGTH DATA ELEMENTS--GENERAL INFORMATION |
| fixed length control field |
140509s2014 gw ac bc 000 0deng d |
| 010 ## - LIBRARY OF CONGRESS CONTROL NUMBER |
| LC control number |
2014940420 |
| 015 ## - NATIONAL BIBLIOGRAPHY NUMBER |
| National bibliography number |
GBB472408 |
| Source |
bnb |
| 016 7# - NATIONAL BIBLIOGRAPHIC AGENCY CONTROL NUMBER |
| Record control number |
016784846 |
| Source |
Uk |
| 020 ## - INTERNATIONAL STANDARD BOOK NUMBER |
| International Standard Book Number |
9783791349800 |
| 020 ## - INTERNATIONAL STANDARD BOOK NUMBER |
| International Standard Book Number |
3791349805 |
| 035 ## - SYSTEM CONTROL NUMBER |
| System control number |
(OCoLC)ocn890590252 |
| 040 ## - CATALOGING SOURCE |
| Original cataloging agency |
OHX |
| Language of cataloging |
eng |
| Transcribing agency |
OHX |
| Description conventions |
rda |
| Modifying agency |
NLE |
| -- |
OCLCO |
| -- |
JPG |
| -- |
YDXCP |
| -- |
OCLCQ |
| -- |
VP@ |
| -- |
UKMGB |
| -- |
BTCTA |
| -- |
BDX |
| -- |
OCLCF |
| -- |
DLC |
| 041 1# - LANGUAGE CODE |
| Language code of text/sound track or separate title |
eng |
| Language code of original |
ger |
| 042 ## - AUTHENTICATION CODE |
| Authentication code |
lccopycat |
| 050 00 - LIBRARY OF CONGRESS CALL NUMBER |
| Classification number |
N7575 |
| Item number |
.F5613 2014 |
| 072 #7 - SUBJECT CATEGORY CODE |
| Subject category code |
ND |
| Source |
lcco |
| 082 04 - DEWEY DECIMAL CLASSIFICATION NUMBER |
| Classification number |
757 |
| Edition number |
23 |
| Author Mark |
FIN |
| 100 1# - MAIN ENTRY--PERSONAL NAME |
| Personal name |
Finger, Brad, |
| Relator term |
author. |
| 9 (RLIN) |
121449 |
| 240 10 - UNIFORM TITLE |
| Uniform title |
50 Porträts, , die man kennen sollte. |
| Language of a work |
English |
| 245 10 - TITLE STATEMENT |
| Title |
50 portraits you should know / |
| Statement of responsibility, etc. |
Brad Finger. |
| 246 3# - VARYING FORM OF TITLE |
| Title proper/short title |
Fifty portraits you should know |
| 260 ## - PUBLICATION, DISTRIBUTION, ETC. |
| Place of publication, distribution, etc. |
London: |
| Name of publisher, distributor, etc. |
Prestel; |
| Date of publication, distribution, etc. |
2014. |
| 300 ## - PHYSICAL DESCRIPTION |
| Extent |
141 pages : |
| Other physical details |
illustrations (chiefly color), portraits (some color) ; |
| Dimensions |
25 cm |
| 504 ## - BIBLIOGRAPHY, ETC. NOTE |
| Bibliography, etc. note |
Includes bibliographical references (page 140). |
| 650 #0 - SUBJECT ADDED ENTRY--TOPICAL TERM |
| Topical term or geographic name entry element |
Portraits. |
| 9 (RLIN) |
121450 |
| 650 #0 - SUBJECT ADDED ENTRY--TOPICAL TERM |
| Topical term or geographic name entry element |
Portrait painting. |
| 9 (RLIN) |
121451 |
| 650 #0 - SUBJECT ADDED ENTRY--TOPICAL TERM |
| Topical term or geographic name entry element |
Artists |
| Form subdivision |
Biography. |
| 9 (RLIN) |
121452 |
| 650 #7 - SUBJECT ADDED ENTRY--TOPICAL TERM |
| Topical term or geographic name entry element |
Portrait painting. |
| Source of heading or term |
fast |
| 9 (RLIN) |
121451 |
| 650 #7 - SUBJECT ADDED ENTRY--TOPICAL TERM |
| Topical term or geographic name entry element |
Portraits. |
| Source of heading or term |
fast |
| 9 (RLIN) |
121450 |
| 856 42 - ELECTRONIC LOCATION AND ACCESS |
| Materials specified |
Publisher description |
| Uniform Resource Identifier |
<a href="https://www.loc.gov/catdir/enhancements/fy1617/2014940420-d.html">https://www.loc.gov/catdir/enhancements/fy1617/2014940420-d.html</a> |
| 906 ## - LOCAL DATA ELEMENT F, LDF (RLIN) |
| a |
7 |
| b |
cbc |
| c |
copycat |
| d |
2 |
| e |
epcn |
| f |
20 |
| g |
y-gencatlg |
| 942 ## - ADDED ENTRY ELEMENTS (KOHA) |
| Source of classification or shelving scheme |
|
| Koha item type |
Book |
| Institution code [OBSOLETE] |
SADA |
| Call number prefix |
757 FIN 2014 |